000 00275nam a2200121Ia 4500
008 190216s9999||||xx |||||||||||||| ||und||
100 _aJoop J Hox
245 0 _aMultilevel Analysis 2nd Edn
260 _bRoutledge
_c2010
300 _a382
650 _aAnalysis
942 _cBK
999 _c32415
_d32415